Т. 52, № 1; Теплофизика высоких температур

التفاصيل البيبلوغرافية
Parent link:Теплофизика высоких температур: научный журнал/ Российская академия наук (РАН). Т. 52, № 1.— , 1964-
اللغة:الروسية
منشور في: 2014
التنسيق: كتاب
KOHA link:https://koha.lib.tpu.ru/cgi-bin/koha/opac-detail.pl?biblionumber=530134

MARC

LEADER 00000nam2a2200000 4500
001 530134
005 20231101112413.0
035 |a (RuTPU)RU\TPU\prd\216042 
090 |a 530134 
100 |a 20140328a19639999k y0rusy50 ca 
101 0 |a rus 
102 |a RU 
200 0 |a Т. 52, № 1 
210 |d 2014 
461 1 |0 (RuTPU)RU\TPU\prd\377  |t Теплофизика высоких температур  |o научный журнал  |f Российская академия наук (РАН)  |v Т. 52, № 1  |d 1964- 
801 0 |a RU  |b 63413507  |c 20010227  |g PSBO 
801 1 |a RU  |b 63413507  |c 20140328 
801 2 |a RU  |b 63413507  |c 20230616  |g RCR 
942 |c BK 
999 |a НТБ_ТПУ  |b НФ  |e -1/20140109  |p П-7214  |s 4/20130930  |u 0,00  |v 1